Loading...
| Current Events | 4 | 12.50 | 100% | 25% | 0% |
| Fine Arts - Classical Music | 10 | 16.00 | 80% | 70% | 10% |
| Fine Arts - Other | 11 | 13.64 | 91% | 46% | 0% |
| Fine Arts - Painting & Sculpture | 12 | 14.17 | 100% | 42% | 0% |
| Geography | 4 | 15.00 | 100% | 50% | 0% |
| History - American | 11 | 17.27 | 100% | 64% | 9% |
| History - European | 9 | 13.33 | 89% | 44% | 0% |
| History - Other | 12 | 14.17 | 92% | 50% | 0% |
| History - World | 10 | 17.00 | 100% | 60% | 10% |
| Literature - American | 11 | 16.36 | 91% | 64% | 9% |
| Literature - British | 9 | 17.78 | 100% | 56% | 22% |
| Literature - European | 9 | 20.00 | 100% | 78% | 22% |
| Literature - World | 7 | 14.29 | 100% | 43% | 0% |
| Mythology | 5 | 14.00 | 80% | 60% | 0% |
| Other Academic | 5 | 12.00 | 80% | 40% | 0% |
| Philosophy | 7 | 8.57 | 57% | 29% | 0% |
| Religion | 9 | 13.33 | 100% | 11% | 22% |
| Science - Biology | 9 | 15.56 | 100% | 44% | 11% |
| Science - Chemistry | 12 | 15.83 | 100% | 50% | 8% |
| Science - Other | 9 | 20.00 | 100% | 78% | 22% |
| Science - Physics | 9 | 18.89 | 89% | 89% | 11% |
| Social Science | 7 | 12.86 | 86% | 29% | 14% |